Statistics for The Sandlot Characters

Click here to take the quiz!

General Stats

  • This quiz has been taken 55 times
  • The average score is 9 of 12

Answer Stats

HintCharacter% Correct
Became a pro baseball playerBenny Rodriguez
98%
The new kid on the blockScotty Smalls
98%
Kissed the lifeguardSquints
95%
"Your killin' me Smalls!"Ham Porter
93%
One of the twinsTimmy Timmons
85%
The other twinTommy Timmons
85%
The lifeguardWendy Peffercorn
85%
Played by Marty YorkAlan McClennan
75%
The "Beast"Hercules
75%
The pitcherKenny DeNunez
63%
Tall kid with glassesBertram Weeks
55%
The Beast's ownerMr. Mertle
40%

Score Distribution

Percentile by Number Answered

Percent of People with Each Score

Your Score History

You have not taken this quiz